Les incontournables des JO d'été (2) - Statistiques

Statistiques générales
  • Ce quiz a été pris 7 fois
  • Le résultat moyen est 59 sur 120
Statistiques - réponses
Hint Réponse % Correct
1948 Place de la France au classement des nations 3
100%
1936 Lieu Berlin
100%
1936 Nombre de sports 14 19 ou 25 19
80%
1964 Nombre de sports 14 17 ou 19 19
80%
1936 Nombre de femmes parmi les sportifs présents 209 299 ou 335 335
80%
1936 Nombre de sportifs présents 2042 3011 ou 3967 3967
80%
1936 Nombre de délégations 37 49 ou 53 49
80%
1936 Place de la France au classement des nations 5
80%
1936 Ouverts par Adolf Hitler | Chancelier
80%
1936 Pays ayant obtenu le plus de médailles (89) Allemagne
80%
1936 Mois de la compétition (en citer un) août
80%
1960 Mois de la compétition (en citer un) août | septembre
80%
1972 Mois de la compétition (en citer un) août | septembre
80%
1948 Pays ayant obtenu le plus de médailles (84) Etats-Unis
80%
1952 Pays ayant obtenu le plus de médailles (76) Etats-Unis
80%
1968 Pays ayant obtenu le plus de médailles (107) Etats-Unis
80%
1936 Pays des sportifs ayant obtenu 4 ou plus de 4 médailles Etats-Unis | Allemagne | Pays-Bas | France | Italie
80%
1972 Pays des sportifs ayant obtenu 4 ou plus de 4 médailles Etats-Unis | Japon | Australie | URSS
80%
1948 Mois de la compétition (en citer un) juillet | août
80%
1952 Mois de la compétition (en citer un) juillet | août
80%
1976 Mois de la compétition (en citer un) juillet | août
80%
1980 Mois de la compétition (en citer un) juillet | août
80%
1948 Lieu Londres
80%
1968 Lieu Mexico
80%
1972 Lieu Munich
80%
1960 Pays ayant obtenu le moins de médailles (1) Norvège | Ethiopie | Grèce | Ghana | Canada | Singapour | Portugal | Inde | Maroc | Taïwan | Espagne | Mexique | Irak | Venezuela
80%
1964 Pays des sportifs ayant obtenu 4 ou plus de 4 médailles Tchécoslovaquie | Etats-Unis | Japon | URSS
80%
1968 Pays des sportifs ayant obtenu 4 ou plus de 4 médailles Tchécoslovaquie | Japon | Etats-Unis
80%
1980 Pays des sportifs ayant obtenu 4 ou plus de 4 médailles URSS | Allemagne
80%
1976 Pays des sportifs ayant obtenu 4 ou plus de 4 médailles URSS | Allemagne | Etats-Unis | Roumanie
80%
1960 Pays des sportifs ayant obtenu 4 ou plus de 4 médailles URSS | Japon | Etats-Unis
80%
1948 Nombre de sports 14 17 ou 19 17
60%
1952 Nombre de sports 14 17 ou 19 17
60%
1956 Nombre de sports 14 17 ou 19 17
60%
1960 Nombre de sports 14 17 ou 19 17
60%
1972 Place de la France au classement des nations 17
60%
1964 Place de la France au classement des nations 21
60%
1972 Nombre de sports 14 17 ou 21 21
60%
1976 Nombre de sports 14 17 ou 21 21
60%
1980 Nombre de sports 14 17 ou 21 21
60%
1960 Place de la France au classement des nations 25
60%
1948 Nombre de délégations 37 49 ou 59 59
60%
1968 Place de la France au classement des nations 6
60%
1972 Pays ayant obtenu le moins de médailles (1) Danemark | Argentine | Corée-du-Sud | Liban | Mexique | Mongolie | Pakistan | Tunisie | Turquie | Espagne | Ghana | Nigeria | Nigeria | Jamaïque | Inde
60%
1976 Ouverts par Elisabeth II | Reine
60%
1964 Pays ayant obtenu le moins de médailles (1) Ethiopie | Inde | Pakistan | Philippines | Argentine | Cuba | Irlande | Ghana | Brésil | Kenya | Mexique | Nigeria | Uruguay
60%
1952 Lieu Helsinki
60%
1956 Pays ayant obtenu le moins de médailles (1) Inde | Brésil | Islande | Pakistan | Bahamas | Grèce | Suisse | Uruguay
60%
1948 Pays ayant obtenu le moins de médailles (1) Inde | Pérou | Sri Lanka | Trinité-et-Tobago | Cuba | Espagne [ Pologne | Iran | Brésil
60%
1952 Pays ayant obtenu le moins de médailles (1) Luxembourg | Mexique | Irlande | Espagne | Venezuela | Portugal | Bulgarie | Egypte
60%
1956 Lieu Melbourne
60%
1980 Lieu Moscou
60%
1936 Pays ayant obtenu le moins de médailles (1) Nouvelle-Zélande | Roumanie | Afrique-du-sud | Yougoslavie | Australie | Philippines | Portugal
60%
1960 Lieu Rome
60%
1952 Pays des sportifs ayant obtenu 4 ou plus de 4 médailles URSS | Italie
60%
1968 Pays ayant obtenu le moins de médailles (1) Venezuela | Pakistan | Jamaïque | Cameroun | Grèce | Inde | Taïwan
60%
1956 Place de la France au classement des nations 11
40%
1968 Nombre de délégations 84 102 ou 112 112
40%
1972 Nombre de délégations 84 121 ou 133 121
40%
1976 Place de la France au classement des nations 15
40%
1968 Nombre de sports 14 16 ou 18 18
40%
1936 Nombre de médailles distribuées 308 346 ou 388 388
40%
1948 Nombre de femmes parmi les sportifs présents 219 309 ou 390 390
40%
1948 Nombre de sportifs présents 2162 3811 ou 4104 4104
40%
1948 Nombre de médailles distribuées 308 376 ou 411 411
40%
1952 Nombre de délégations 44 69 ou 77 69
40%
1952 Place de la France au classement des nations 7
40%
1956 Nombre de délégations 44 69 ou 72 72
40%
1980 Place de la France au classement des nations 8
40%
1980 Nombre de délégations 80 101 ou 133 80
40%
1960 Nombre de délégations 69 72 ou 83 83
40%
1976 Nombre de délégations 92 121 ou 133 92
40%
1964 Nombre de délégations 84 93 ou 99 93
40%
1980 Pays ayant obtenu le moins de médailles (1) Belgique | Inde | Zimbabwe | Ouganda | Venezuela | Guyana | Liban
40%
1956 Pays des sportifs ayant obtenu 4 ou plus de 4 médailles Hongrie | URSS
40%
1976 Lieu Montréal
40%
1948 Pays des sportifs ayant obtenu 4 ou plus de 4 médailles Pays-Bas | Finlande
40%
1964 Lieu Tokyo
40%
1976 Pays ayant obtenu le moins de médailles (1) Trinité-et-Tobago | Mongolie | Venezuela | Autriche | Pakistan | Thaïlande
40%
1956 Pays ayant obtenu le plus de médailles (98) URSS
40%
1960 Pays ayant obtenu le plus de médailles (103) URSS
40%
1964 Pays ayant obtenu le plus de médailles (96) URSS
40%
1972 Pays ayant obtenu le plus de médailles (99) URSS
40%
1976 Pays ayant obtenu le plus de médailles (125) URSS
40%
1980 Pays ayant obtenu le plus de médailles (195) URSS
40%
1972 Nombre de femmes parmi les sportifs présents 808 974 ou 1059 1059
20%
1980 Nombre de femmes parmi les sportifs présents 808 994 ou 1115 1115
20%
1976 Nombre de femmes parmi les sportifs présents 808 974 ou 1247 1247
20%
1956 Nombre de sportifs présents 2754 3314 ou 4908 3314
20%
1956 Nombre de femmes parmi les sportifs présents 257 376 ou 422 376
20%
1952 Nombre de médailles distribuées 308 402 ou 459 459
20%
1960 Nombre de médailles distribuées 308 402 ou 462 462
20%
1956 Nombre de médailles distribuées 308 402 ou 469 469
20%
1964 Nombre de médailles distribuées 487 529 ou 502 487
20%
1952 Nombre de sportifs présents 2899 3544 ou 4955 4955
20%
1964 Nombre de sportifs présents 4949 5151 ou 5338 5151
20%
1980 Nombre de sportifs présents 5179 6068 ou 6622 5179
20%
1952 Nombre de femmes parmi les sportifs présents 357 519 ou 690 519
20%
1968 Nombre de médailles distribuées 457 527 ou 617 527
20%
1960 Nombre de sportifs présents 3842 4227 ou 5338 5338
20%
1976 Nombre de sportifs présents 5147 6028 ou 6622 6028
20%
1968 Nombre de sportifs présents 6059 6871 ou 7233 6059
20%
1960 Nombre de femmes parmi les sportifs présents 488 577 ou 611 611
20%
1976 Nombre de médailles distribuées 613 671 ou 721 613
20%
1972 Nombre de médailles distribuées 477 547 ou 621 621
20%
1980 Nombre de médailles distribuées 589 631 ou 711 631
20%
1964 Nombre de femmes parmi les sportifs présents 508 577 ou 678 678
20%
1972 Nombre de sportifs présents 7134 7477 ou 7802 7134
20%
1968 Nombre de femmes parmi les sportifs présents 808 844 ou 911 844
20%
1948 Ouverts par George VI | Roi
20%
1960 Ouverts par Giovanni Gronchi | Président de la République
20%
1972 Ouverts par Gustav Heinemann | Président
20%
1964 Ouverts par Hirohito | Empereur
20%
1952 Ouverts par Juho Kusti Paasikivi
20%
1980 Ouverts par Leonid Brejnev | Président
20%
1956 Mois de la compétition (en citer un) novembre | décembre
20%
1964 Mois de la compétition (en citer un) octobre
20%
1968 Mois de la compétition (en citer un) octobre
20%
1956 Ouverts par Philip Mountbatten | Prince consort
20%
1968 Ouverts par Gustavo Diaz Ortaz | Président
0%
Aucun quiz correspondant
Distribution des résultats
% des personnes avec chaque résultat
Percentile par nombre de réponses
Votre historique - résultats
Vous n’avez pas pris ce quiz